[Event "Sao Paulo Pascoa op"]
[Site "Sao Paulo"]
[Date "2024.03.31"]
[Round "6"]
[White "Goncalves, Carlos Henrique"]
[Black "Ferreira De Souza, Ricardo"]
[Result "0-1"]
[WhiteElo "1800"]
[BlackElo "1611"]
[PlyCount "68"]
[EventDate "2024.03.29"]
[EventType "swiss"]
[EventRounds "6"]
[EventCountry "BRA"]
[SourceTitle "CB14_2024"]
[SourceDate "2024.04.01"]
[SourceVersion "1"]
[SourceVersionDate "2024.04.01"]
[SourceQuality "1"]

1. e4 c5 2. Nc3 d6 3. Nf3 e5 4. d3 Nc6 5. g3 Bg4 6. Bg2 g6 7. 0-0 Be7 8. Nd5 Nf6 9. Nxe7 Qxe7 10. h3 Bh5 11. g4 Nxg4 12. hxg4 Bxg4 13. Bh6 Qf6 14. Bg5 Qe6 15. Bh4 f6 16. Qd2 h6 17. Bg3 Bh3 18. Nh2 Bxg2 19. Kxg2 g5 20. f3 h5 21. Be1 g4 22. f4 h4 23. f5 Qg8 24. Qe2 g3 25. Qg4 h3+ 26. Kxg3 Qf7 27. Kf3 Nd4+ 28. Kf2 0-0-0 29. c3 Rdg8 30. Qd1 Rg2+ 31. Ke3 Rxh2 32. cxd4 cxd4+ 33. Kf3 Qh5+ 34. Kg3 Rg2# 0-1